Riadenie výskumu a vývoja v globálnom podnikovom sektore

Pojmy výskum a vývoj. Organizačné štruktúry výskumu a vývoja: centralizácia a decentralizácia. Riadenie výskumných tímov. Riadenie tvorivosti vo výskume. Vyváženosť výskumných portfólií. Riadenie medzinárodného výskumu a vývoja. Koordinovanie medzinárodného výskumu a vývoja.

Salvato in:
Dettagli Bibliografici
Autore principale: Luknič, Arnold Steve
Natura: Capitolo di libro
Lingua:slovacco
Soggetti:
Tags: Aggiungi Tag
Nessun Tag, puoi essere il primo ad aggiungerne!!

MARC

LEADER 00000naa$a2200000$$$4500
001 0008318
005 20240502071352.9
041 0 |a slo 
044 |a SK 
245 1 0 |a Riadenie výskumu a vývoja v globálnom podnikovom sektore  |c aut. Arnold Steve Luknič 
520 |a Pojmy výskum a vývoj. Organizačné štruktúry výskumu a vývoja: centralizácia a decentralizácia. Riadenie výskumných tímov. Riadenie tvorivosti vo výskume. Vyváženosť výskumných portfólií. Riadenie medzinárodného výskumu a vývoja. Koordinovanie medzinárodného výskumu a vývoja. 
610 2 0 |a výskum 
610 2 0 |a vývoj 
610 2 0 |a centralizácia 
610 2 0 |a decentralizácia 
610 2 0 |a riadenie 
610 2 0 |a podnik 
610 2 0 |a tímy pracovné 
610 2 0 |a tvorivosť vedecká 
610 2 0 |a internacionalizácia 
610 2 0 |a koordinácia 
100 1 |a Luknič, Arnold Steve